Enciclopedia universal Sopena: diccionario ilustrado de la lengua española
Saved in:
| Format: | Bog |
|---|---|
| Sprog: | spansk |
| Udgivet: |
Barcelona
Ramón Sopena
1970
|
| Fag: | |
| Tags: |
Tilføj Tag
Ingen Tags, Vær først til at tagge denne postø!
|
MARC
| LEADER | 00000nam a2200000 a 4500 | ||
|---|---|---|---|
| 001 | UCH3765 | ||
| 003 | CL-VaPUC | ||
| 008 | 090818e19700000SP |||||||||||||||||spa|d | ||
| 082 | 0 | 4 | |a 036 |b ENC |2 21 |
| 245 | 1 | 0 | |a Enciclopedia universal Sopena: diccionario ilustrado de la lengua española |
| 300 | |a 10 v | ||
| 942 | |c BK | ||
| 945 | |d 20090818 00:00:00 |a lazolas | ||
| 260 | |a Barcelona |b Ramón Sopena |c 1970 | ||
| 500 | |a No contiene los términos entre Ross y Sal | ||
| 500 | |a v.1: A - ba | ||
| 500 | |a v.2: Bb - com | ||
| 500 | |a v.3: Con - Esi | ||
| 500 | |a v.4: Esk - Hg | ||
| 500 | |a v.5: Hi - Meg | ||
| 500 | |a v.6: Meh - Peq | ||
| 500 | |a v.7: Per - Sak | ||
| 500 | |a v.8: Sal - vem | ||
| 500 | |a v.9: Ven - zz | ||
| 500 | |a v.10: Suplemento | ||
| 650 | 0 | |a Diccionario Español |9 255650 | |
| 650 | 7 | |a ENCICLOPEDIAS Y DICCIONARIOS ESPAÑOLES |2 CL-VaPUC |9 262374 | |
| 583 | |a last modification |c 20090818 00:00:00 |k Rodrigo Vera | ||
| 999 | |c 335198 |d 335196 | ||